00345nam a22001457a 4500003000700000005001700007008004100024082002100065100001700086245003300103260002400136300000800160490002600168650000500194MPLRDC20220104125013.0210129b ||||| |||| 00| 0 eng d a857.9 CRB-12 v.2 a曹若冰著 a七星七剑一孩儿. 中c ab松柏出版社c b平 a曹若冰武侠专辑 a